El Mito de la Nicaragüa mestiza y la resistencia indígina 1880-1980

保存先:
書誌詳細
第一著者: Gould, Jeffrey L.
フォーマット: テキスト
出版事項: San José: Editorial de la Universidad de Costa Rica. Plumsock Mesoamerican Studies. Instituto de Historia de Nicaragüa
タグ: タグ追加
タグなし, このレコードへの初めてのタグを付けませんか!

MARC

LEADER 00000 a a2200000 04500
001 28898
003
040
020 |a 9977-67-447-7  
090 |a 190401  
100 |a Gould, Jeffrey L.  
245 |a El Mito de la Nicaragüa mestiza y la resistencia indígina 1880-1980  
260 |a San José:   |b Editorial de la Universidad de Costa Rica. Plumsock Mesoamerican Studies. Instituto de Historia de Nicaragüa  
300 |a 310 p  
999 |c 12852  |d 12852